Estadísticas para Cultura General Fácil #6

Haz click aquí para intentar la prueba.

Estadísticas generales

  • Esta prueba ha sido intentada 2.265 veces
  • La puntuación promedio es 15 de 20

Estadísticas de respuestas

PreguntaRespuesta% Correcto
¿Cuál es el único país que limita con Portugal?España
99%
¿Qué significa la palabra inglesa "water"?Agua
96%
¿Qué país es el lugar de nacimiento del Papa Francisco, Lionel Messi y el tango?Argentina
94%
¿En qué país encontrarías la Gran Pirámide de Giza?Egipto
92%
¿Qué sustancia adictiva se encuentra en el café y la Coca-Cola?Cafeína
90%
¿Qué cantante, conocido como el "Rey del Pop", murió en 2009?Michael Jackson
89%
¿Qué fue degradado de planeta a planeta enano en 2006?Plutón
89%
¿Quién ha aparecido en cada moneda británica entre 1960 y 2022?Reina Isabel II
87%
¿En qué "jardín" vivían Adán y Eva?Jardín del Edén
82%
¿Qué tipo de dientes aparecen generalmente en los últimos años de la adolescencia de una persona?Muelas del {Juicio}
82%
¿Qué cadena de restaurantes se autodenomina "El hogar del Whopper"?Burger King
74%
¿Cuál es la capital de Australia?Canberra
74%
¿Cuál es el océano más septentrional del mundo?Océano Ártico
61%
¿Cuál de las Tortugas Ninja tiene el mismo nombre que el protagonista masculino en "Titanic"?Leonardo
60%
¿Qué alimento popular se escribe con dos Z?
Pizza
(o Mozzarella)
55%
Nombre una ciudad que comience con M que tenga una población urbana mayor a 10 millones.Manila | Moscú | Mumbai
54%
¿Qué gran lago comparte su nombre con un estado de EE. UU.?Lago Michigan
53%
¿Qué edificio en el área de Washington D.C. lleva el nombre de su forma?Pentágono
49%
¿Qué deporte olímpico ha dominado por completo China, ganando el 86% de todas las medallas de oro?
Tenis de Mesa
40%
¿Quién se convirtió en el baterista de los Beatles en 1962?Ringo Starr
34%

Distribución de puntuación

Porcentaje por número respondido

Porcentaje de gente con cada puntuación

Historial de tus puntuaciones

No has intentado esta prueba.